Merged Countries #2 - Statistics

General Stats
  • This quiz has been taken 99,320 times
  • The average score is 16 of 20
Answers on the Map
Answers color-coded by a green-red scale on the quiz's map according to % correct below.
 
Answer Stats
Country % Correct
China
88%
Spain
87%
Colombia
86%
Portugal
86%
North Korea
85%
Venezuela
84%
Thailand
83%
Austria
82%
Myanmar
82%
Indonesia
81%
Hungary
79%
Papua New Guinea
79%
Iraq
78%
Saudi Arabia
78%
Namibia
74%
Botswana
73%
Greece
72%
Albania
69%
Ethiopia
63%
Eritrea
62%
No matching quizzes found
Score Distribution
Percent of People with Each Score
Percentile by Number Answered
Your Score History
You have not taken this quiz